[Event "HUN-chT"]
[Site "Hungary"]
[Date "1995.??.??"]
[Round "?"]
[White "Velvart, Peterne"]
[Black "Porubszky Angyalosine, Maria A"]
[Result "1-0"]
[WhiteElo "2145"]
[BlackElo "2225"]
[PlyCount "81"]
[EventDate "1995.??.??"]
[EventType "team"]
[EventRounds "13"]
[EventCountry "HUN"]
[SourceTitle "EXT 1997"]
[Source "ChessBase"]
[SourceDate "1996.11.15"]
[SourceVersion "1"]
[SourceVersionDate "1996.11.15"]
[SourceQuality "1"]

1. d4 Nf6 2. c4 e6 3. Nc3 Bb4 4. Nf3 b6 5. Bg5 Bb7 6. e3 0-0 7. Bd3 h6 8. Bh4 Bxc3+ 9. bxc3 d6 10. Qe2 Nbd7 11. e4 e5 12. d5 Nc5 13. Bc2 c6 14. 0-0 cxd5 15. cxd5 Ba6 16. c4 Rc8 17. Nd2 g5 18. Bg3 Qd7 19. a4 Nb7 20. h4 Kg7 21. hxg5 hxg5 22. Qe3 Nh7 23. Bd3 Na5 24. c5 Bxd3 25. c6 Qg4 26. Qxd3 Nf6 27. Rfe1 Rh8 28. Nf1 Qh5 29. f3 Qh7 30. Ne3 Nh5 31. Nf5+ Kf6 32. Kf2 Nf4 33. Qa3 Nb7 34. Bxf4 gxf4 35. cxb7 Rc5 36. Rac1 Qg8 37. Rxc5 dxc5 38. a5 Qb8 39. axb6 axb6 40. Qa6 Qc7 41. Rb1 1-0

[Event "HUN-chT 9394"]
[Site "Hungary"]
[Date "1994.??.??"]
[Round "?"]
[White "Csonkics, Tunde"]
[Black "Velvart, Peterne"]
[Result "1/2-1/2"]
[WhiteElo "2325"]
[BlackElo "2205"]
[PlyCount "81"]
[EventDate "1993.??.??"]
[EventType "team"]
[EventRounds "13"]
[EventCountry "HUN"]
[SourceTitle "TD"]
[Source "ChessBase"]
[SourceDate "1994.03.01"]
[SourceVersion "1"]
[SourceVersionDate "1994.03.01"]
[SourceQuality "1"]

1. d4 d5 2. c4 e6 3. Nf3 Nf6 4. Nc3 Be7 5. Bg5 Nbd7 6. e3 0-0 7. Rc1 c6 8. Bd3 a6 9. a4 dxc4 10. Bxc4 b5 11. axb5 cxb5 12. Bd3 Bb7 13. 0-0 h6 14. Bh4 Nb6 15. Ne5 Rc8 16. Qe2 Nbd5 17. Bb1 Nxc3 18. bxc3 Ne4 19. Bxe7 Qxe7 20. Qd3 Rfd8 21. f3 Nf6 22. Rfe1 Rc7 23. c4 bxc4 24. Rxc4 Rdc8 25. Rec1 Kf8 26. Rc5 Qd6 27. Qa3 Ne8 28. Nd3 Kg8 29. Qb4 g6 30. Ba2 Kg7 31. Qb2 Kg8 32. Rxc7 Rxc7 33. Nc5 Bc8 34. Bc4 Ra7 35. Ne4 Qe7 36. d5 Rb7 37. Qe2 Rc7 38. Rd1 Rd7 39. Rc1 Rc7 40. Rd1 Rd7 41. Rc1 1/2-1/2

[Event "Budapest FS04 IM (Women)"]
[Site "Budapest"]
[Date "1994.??.??"]
[Round "8"]
[White "Hallerova, Eva"]
[Black "Velvart, Peterne"]
[Result "0-1"]
[WhiteElo "2225"]
[BlackElo "2205"]
[PlyCount "100"]
[EventDate "1994.04.??"]
[EventType "tourn"]
[EventRounds "13"]
[EventCountry "HUN"]
[SourceTitle "EXT 1997"]
[Source "ChessBase"]
[SourceDate "1996.11.15"]
[SourceVersion "1"]
[SourceVersionDate "1996.11.15"]
[SourceQuality "1"]

1. Nf3 d5 2. g3 c5 3. Bg2 g6 4. d3 Bg7 5. 0-0 e6 6. c4 Ne7 7. Nbd2 0-0 8. Rb1 Nbc6 9. a3 a5 10. cxd5 exd5 11. Qc2 b6 12. b3 Ra7 13. Bb2 d4 14. Rfe1 Be6 15. e4 dxe3 16. fxe3 Bxb2 17. Rxb2 Rd7 18. Bf1 Bf5 19. e4 Bg4 20. h3 Bxf3 21. Nxf3 Nd4 22. Qf2 Nxf3+ 23. Qxf3 Rd4 24. Qf6 Qc7 25. Kh2 Nc6 26. e5 Nd8 27. h4 Re8 28. h5 Re6 29. Qg5 f6 30. Qd2 Rxe5 31. hxg6 hxg6 32. Rxe5 Qxe5 33. Qf2 Ne6 34. Re2 Qh5+ 35. Kg1 Kf7 36. Qe3 Qd5 37. Bh3 f5 38. Bg2 Qxb3 39. Qe5 Rxd3 40. g4 Rd1+ 41. Kh2 Rd4 42. Re3 Qc4 43. Rh3 Ng5 44. Qc7+ Kg8 45. Qc8+ Kg7 46. Rh8 Qf7 47. Qb8 Ne4 48. Qe5+ Qf6 49. Qe8 Qd6+ 50. Kg1 Rd1+ 0-1

[Event "Budapest FS02 IM (Women)"]
[Site "Budapest"]
[Date "1994.??.??"]
[Round "7"]
[White "Saljova, Silvie"]
[Black "Velvart, Peterne"]
[Result "1/2-1/2"]
[WhiteElo "2145"]
[BlackElo "2205"]
[PlyCount "58"]
[EventDate "1994.02.??"]
[EventType "tourn"]
[EventRounds "11"]
[EventCountry "HUN"]
[SourceTitle "EXT 1997"]
[Source "ChessBase"]
[SourceDate "1996.11.15"]
[SourceVersion "1"]
[SourceVersionDate "1996.11.15"]
[SourceQuality "1"]

1. d4 d5 2. Nf3 Nf6 3. c4 e6 4. Bg5 Be7 5. Nc3 Nbd7 6. e3 0-0 7. Rc1 c6 8. Bd3 a6 9. 0-0 dxc4 10. Bxc4 b5 11. Bd3 h6 12. Bh4 Bb7 13. Bb1 c5 14. dxc5 Nxc5 15. Qxd8 Rfxd8 16. Nd4 b4 17. Nce2 Rac8 18. f3 a5 19. Rfd1 Ba6 20. Be1 Kf8 21. Kf2 g6 22. Bc2 e5 23. Nb3 Rxd1 24. Rxd1 Na4 25. Rc1 Nxb2 26. Nxa5 Bd3 27. Bb3 Ra8 28. Nc4 Nxc4 29. Bxc4 Bxc4 1/2-1/2

[Event "Budapest FS02 IM (Women)"]
[Site "Budapest"]
[Date "1994.??.??"]
[Round "9"]
[White "Vajda, Szidonia"]
[Black "Velvart, Peterne"]
[Result "1/2-1/2"]
[WhiteElo "2155"]
[BlackElo "2205"]
[PlyCount "34"]
[EventDate "1994.02.??"]
[EventType "tourn"]
[EventRounds "11"]
[EventCountry "HUN"]
[SourceTitle "EXT 1997"]
[Source "ChessBase"]
[SourceDate "1996.11.15"]
[SourceVersion "1"]
[SourceVersionDate "1996.11.15"]
[SourceQuality "1"]

1. e4 c5 2. c3 d5 3. exd5 Qxd5 4. d4 Nc6 5. Nf3 Nf6 6. Be2 e6 7. 0-0 cxd4 8. cxd4 Be7 9. Nc3 Qd6 10. h3 0-0 11. Be3 b6 12. Rc1 Bb7 13. Qd2 Nd5 14. Nxd5 Qxd5 15. Bc4 Qh5 16. Be2 Qd5 17. Bc4 Qh5 1/2-1/2

[Event "Budapest FS04 IM (Women)"]
[Site "Budapest"]
[Date "1994.??.??"]
[Round "4"]
[White "Velvart, Peterne"]
[Black "Bognarne, Cinolter"]
[Result "1-0"]
[WhiteElo "2205"]
[BlackElo "2040"]
[PlyCount "85"]
[EventDate "1994.04.??"]
[EventType "tourn"]
[EventRounds "13"]
[EventCountry "HUN"]
[SourceTitle "EXT 1997"]
[Source "ChessBase"]
[SourceDate "1996.11.15"]
[SourceVersion "1"]
[SourceVersionDate "1996.11.15"]
[SourceQuality "1"]

1. d4 d5 2. Nf3 Nf6 3. c4 e6 4. Nc3 c6 5. Bg5 h6 6. Bh4 Bb4 7. e3 Qa5 8. Qb3 Ne4 9. Rc1 0-0 10. Bd3 dxc4 11. Qxc4 Bxc3+ 12. bxc3 Qd5 13. Qa4 b5 14. Qc2 Nd6 15. e4 Qh5 16. Be7 Nc4 17. Bxf8 Kxf8 18. Bxc4 bxc4 19. Ne5 c5 20. Nxc4 Ba6 21. Ne3 Nd7 22. g4 Qg6 23. f3 Qg5 24. Kf2 Qh4+ 25. Kg2 Qf6 26. Rhe1 Qf4 27. Qa4 Bc8 28. Rb1 cxd4 29. cxd4 h5 30. Qc6 Rb8 31. Rxb8 Qxb8 32. Rc1 Nb6 33. Qc7 Qxc7 34. Rxc7 hxg4 35. fxg4 Ke8 36. Rxa7 Bd7 37. Rb7 Na4 38. Nc4 f6 39. Nb6 Nxb6 40. Rxb6 f5 41. exf5 exf5 42. g5 Kd8 43. Rg6 1-0

[Event "Budapest FS02 IM (Women)"]
[Site "Budapest"]
[Date "1994.??.??"]
[Round "1"]
[White "Velvart, Peterne"]
[Black "Kiss, Fernanda"]
[Result "1-0"]
[WhiteElo "2205"]
[BlackElo "2100"]
[PlyCount "68"]
[EventDate "1994.02.??"]
[EventType "tourn"]
[EventRounds "11"]
[EventCountry "HUN"]
[SourceTitle "EXT 1997"]
[Source "ChessBase"]
[SourceDate "1996.11.15"]
[SourceVersion "1"]
[SourceVersionDate "1996.11.15"]
[SourceQuality "1"]

1. d4 d5 2. Nf3 c6 3. a4 Bf5 4. Bg5 Nf6 5. e3 e6 6. Nh4 Bg6 7. Nxg6 hxg6 8. Bd3 Nbd7 9. Nd2 Qc7 10. Bf4 Bd6 11. Bxd6 Qxd6 12. f4 a6 13. c3 c5 14. a5 Rc8 15. Qf3 Qc6 16. 0-0 0-0 17. Ra3 Qc7 18. b4 c4 19. Bc2 Nb8 20. Qh3 Rfe8 21. g4 Kf8 22. g5 Ng8 23. Nf3 Nc6 24. Ne5 Nce7 25. e4 dxe4 26. Bxe4 Nf5 27. Bxf5 exf5 28. Ra2 Qd6 29. Re2 Rc7 30. Qh7 Rcc8 31. h4 Re6 32. Rfe1 Qd5 33. h5 gxh5 34. Qxf5 Qd8 1-0

[Event "Budapest FS02 IM (Women)"]
[Site "Budapest"]
[Date "1994.??.??"]
[Round "8"]
[White "Velvart, Peterne"]
[Black "Kubikova, Hana"]
[Result "0-1"]
[WhiteElo "2205"]
[BlackElo "2165"]
[PlyCount "46"]
[EventDate "1994.02.??"]
[EventType "tourn"]
[EventRounds "11"]
[EventCountry "HUN"]
[SourceTitle "EXT 1997"]
[Source "ChessBase"]
[SourceDate "1996.11.15"]
[SourceVersion "1"]
[SourceVersionDate "1996.11.15"]
[SourceQuality "1"]

1. d4 Nf6 2. c4 g6 3. Nc3 Bg7 4. e4 d6 5. f4 0-0 6. Nf3 Na6 7. Be2 e5 8. fxe5 dxe5 9. d5 Nc5 10. Qc2 Nfxe4 11. Nxe4 Bf5 12. Bd3 Bxe4 13. Bxe4 f5 14. Bxf5 Rxf5 15. Be3 e4 16. Bxc5 exf3 17. 0-0-0 Qg5+ 18. Kb1 b6 19. Bb4 Qxg2 20. Qxg2 fxg2 21. Rhg1 Rf2 22. Rd2 Rf1+ 23. Rd1 Rxd1+ 0-1

[Event "Budapest FS04 IM (Women)"]
[Site "Budapest"]
[Date "1994.??.??"]
[Round "7"]
[White "Velvart, Peterne"]
[Black "Urbankova, Eva"]
[Result "1-0"]
[WhiteElo "2205"]
[BlackElo "2150"]
[PlyCount "93"]
[EventDate "1994.04.??"]
[EventType "tourn"]
[EventRounds "13"]
[EventCountry "HUN"]
[SourceTitle "EXT 1997"]
[Source "ChessBase"]
[SourceDate "1996.11.15"]
[SourceVersion "1"]
[SourceVersionDate "1996.11.15"]
[SourceQuality "1"]

1. d4 Nf6 2. c4 g6 3. Nc3 Bg7 4. e4 d6 5. f4 0-0 6. Nf3 c5 7. dxc5 Qa5 8. Bd3 Qxc5 9. Qe2 Nc6 10. Be3 Qa5 11. 0-0 Bd7 12. h3 Nh5 13. Qd2 Ng3 14. Rfe1 f5 15. e5 dxe5 16. fxe5 Be6 17. Nd4 Nxd4 18. Bxd4 Nh5 19. b4 Qd8 20. Qf2 Rc8 21. Rad1 a6 22. Bb6 Qe8 23. Nd5 Kh8 24. Nc7 Qf7 25. Be2 f4 26. Nxe6 Qxe6 27. Bg4 Qxc4 28. Bxc8 Qxc8 29. Qc5 Qe6 30. Bd8 f3 31. Rf1 fxg2 32. Rxf8+ Bxf8 33. Kxg2 Nf4+ 34. Kg3 Qxh3+ 35. Kf2 Qg2+ 36. Ke3 Qe2+ 37. Kxf4 Qxd1 38. Bxe7 Bh6+ 39. Ke4 Qe2+ 40. Kd5 Qxa2+ 41. Kd6 Qg8 42. Bf6+ Bg7 43. Bxg7+ Kxg7 44. Qc7+ Kh8 45. e6 Qf8+ 46. e7 Qe8 47. Qd7 1-0

[Event "Budapest FS04 IM (Women)"]
[Site "Budapest"]
[Date "1994.??.??"]
[Round "2"]
[White "Velvart, Peterne"]
[Black "Weclawski, Doris"]
[Result "1-0"]
[WhiteElo "2205"]
[BlackElo "2145"]
[PlyCount "65"]
[EventDate "1994.04.??"]
[EventType "tourn"]
[EventRounds "13"]
[EventCountry "HUN"]
[SourceTitle "EXT 1997"]
[Source "ChessBase"]
[SourceDate "1996.11.15"]
[SourceVersion "1"]
[SourceVersionDate "1996.11.15"]
[SourceQuality "1"]

1. d4 Nf6 2. c4 e6 3. Nc3 Bb4 4. Nf3 Ne4 5. Qc2 f5 6. a3 Bxc3+ 7. bxc3 b6 8. e3 Bb7 9. Bd3 0-0 10. 0-0 d6 11. Ne1 Qe7 12. f3 Nf6 13. e4 fxe4 14. fxe4 e5 15. d5 Nbd7 16. Qe2 Nc5 17. Bc2 Ba6 18. Nf3 c6 19. Bg5 h6 20. Bxf6 Rxf6 21. g3 g5 22. h4 g4 23. Nd2 h5 24. Qe3 Raf8 25. Qg5+ Qg7 26. Qxh5 Rh6 27. Rxf8+ Kxf8 28. Rf1+ Ke7 29. Qf5 cxd5 30. exd5 Nd7 31. Bd1 Rf6 32. Qe4 Rxf1+ 33. Kxf1 1-0

[Event "HUN-ch (Women)"]
[Site "Hungary"]
[Date "1993.??.??"]
[Round "6"]
[White "Grabics, Monika"]
[Black "Velvart, Peterne"]
[Result "1/2-1/2"]
[WhiteElo "2245"]
[BlackElo "2155"]
[PlyCount "102"]
[EventDate "1993.??.??"]
[EventType "tourn"]
[EventRounds "11"]
[EventCountry "HUN"]
[SourceTitle "EXT 1997"]
[Source "ChessBase"]
[SourceDate "1996.11.15"]
[SourceVersion "1"]
[SourceVersionDate "1996.11.15"]
[SourceQuality "1"]

1. e4 c5 2. Nf3 d6 3. d4 cxd4 4. Nxd4 Nf6 5. Nc3 g6 6. g3 Bg7 7. Bg2 0-0 8. 0-0 Bg4 9. f3 Bd7 10. Be3 Nc6 11. Nd5 Rc8 12. c3 Ne5 13. Bg5 Nxd5 14. exd5 h6 15. Bc1 Qb6 16. Kh1 Rfe8 17. f4 Ng4 18. h3 Bxd4 19. cxd4 Nf6 20. b3 Rc3 21. g4 Bb5 22. Rf3 Nxd5 23. f5 g5 24. h4 Kg7 25. Rxc3 Nxc3 26. Qd2 Ne2 27. hxg5 h5 28. f6+ Kg8 29. g6 Qxd4 30. Qxd4 Nxd4 31. Bb2 Nc6 32. gxh5 exf6 33. Bd5 Ne5 34. gxf7+ Nxf7 35. Bxf6 Bc6 36. Rg1+ Kf8 37. Bxc6 bxc6 38. h6 Re6 39. Bg7+ Kg8 40. Bd4+ Kf8 41. Bxa7 Rxh6+ 42. Kg2 c5 43. Bb6 Rg6+ 44. Kf2 Rxg1 45. Kxg1 Ke7 46. Kf2 Ne5 47. Ke3 Nc6 48. a4 Nd4 49. a5 Kd7 50. Kd3 Nxb3 51. Kc4 Nxa5+ 1/2-1/2

[Event "HUN-ch (Women)"]
[Site "Hungary"]
[Date "1993.??.??"]
[Round "4"]
[White "Lakos, Nikoletta"]
[Black "Velvart, Peterne"]
[Result "0-1"]
[WhiteElo "2230"]
[BlackElo "2155"]
[PlyCount "90"]
[EventDate "1993.??.??"]
[EventType "tourn"]
[EventRounds "11"]
[EventCountry "HUN"]
[SourceTitle "EXT 1997"]
[Source "ChessBase"]
[SourceDate "1996.11.15"]
[SourceVersion "1"]
[SourceVersionDate "1996.11.15"]
[SourceQuality "1"]

1. e4 e5 2. Nf3 d6 3. d4 exd4 4. Nxd4 Nf6 5. Nc3 Nc6 6. Bc4 Be7 7. 0-0 0-0 8. h3 h6 9. f4 Nxd4 10. Qxd4 c6 11. a4 Nd7 12. Be3 Qc7 13. Rad1 Re8 14. Bb3 d5 15. e5 Bc5 16. Qd2 Qb6 17. Rfe1 Bxe3+ 18. Rxe3 Nc5 19. Kh2 Nxb3 20. cxb3 Qxb3 21. Rg3 Qb4 22. Qf2 Bf5 23. Rf3 Qb6 24. Qd2 h5 25. Rg1 Re6 26. Ne2 Be4 27. a5 Qc7 28. Rb3 h4 29. g3 Qe7 30. gxh4 Qxh4 31. Ng3 Rd8 32. Qe3 Bc2 33. Rxb7 Rh6 34. Nf1 d4 35. Qf3 Bf5 36. Rg3 d3 37. Nd2 Rd4 38. Qg2 Qxf4 39. Kg1 Rg6 40. Rxg6 Bxg6 41. e6 Rd5 42. e7 Re5 43. Rb8+ Kh7 44. Nf3 d2 45. Nxd2 Re1+ 0-1

[Event "Budapest FS10 IM (Women)"]
[Site "Budapest"]
[Date "1993.??.??"]
[Round "1"]
[White "Nemeth, Maria"]
[Black "Velvart, Peterne"]
[Result "0-1"]
[WhiteElo "2120"]
[BlackElo "2155"]
[PlyCount "64"]
[EventDate "1993.10.??"]
[EventType "tourn"]
[EventRounds "11"]
[EventCountry "HUN"]
[SourceTitle "EXT 1997"]
[Source "ChessBase"]
[SourceDate "1996.11.15"]
[SourceVersion "1"]
[SourceVersionDate "1996.11.15"]
[SourceQuality "1"]

1. d4 d5 2. c4 e6 3. Nc3 Nf6 4. Nf3 Be7 5. Bf4 0-0 6. e3 a6 7. Rc1 Nbd7 8. h3 dxc4 9. Bxc4 b5 10. Bd3 Bb7 11. 0-0 c5 12. Qe2 cxd4 13. exd4 Nb6 14. Ne4 Nxe4 15. Bxe4 Bxe4 16. Qxe4 Qd5 17. Qxd5 Nxd5 18. Be5 Rfc8 19. Rfd1 f6 20. Bg3 Kf7 21. Ne1 Nb4 22. a3 Nd5 23. Nd3 Nb6 24. Rxc8 Rxc8 25. Rc1 Rd8 26. Nc5 Rxd4 27. Nxe6 Rd2 28. Nc7 Rxb2 29. Rc6 Nc4 30. a4 Nd2 31. Rxa6 Rb1+ 32. Kh2 Nf1+ 0-1

[Event "Budapest FS10 IM (Women)"]
[Site "Budapest"]
[Date "1993.??.??"]
[Round "2"]
[White "Velvart, Peterne"]
[Black "Kiefhaber, Veronika"]
[Result "1-0"]
[WhiteElo "2155"]
[BlackElo "2175"]
[PlyCount "81"]
[EventDate "1993.10.??"]
[EventType "tourn"]
[EventRounds "11"]
[EventCountry "HUN"]
[SourceTitle "EXT 1997"]
[Source "ChessBase"]
[SourceDate "1996.11.15"]
[SourceVersion "1"]
[SourceVersionDate "1996.11.15"]
[SourceQuality "1"]

1. d4 d6 2. c4 e5 3. d5 f5 4. Nc3 Nf6 5. Qc2 g6 6. e4 Bg7 7. Bd3 f4 8. g3 fxg3 9. hxg3 a5 10. Be2 Na6 11. Bd2 Nc5 12. 0-0-0 0-0 13. Bg5 Bd7 14. f3 a4 15. g4 Qb8 16. Bf1 Qa7 17. Nge2 Rf7 18. Ng3 Qa5 19. Rd2 Qb4 20. Rdh2 c6 21. Bd2 Qb6 22. g5 Ne8 23. Rxh7 Rxf3 24. Be1 Nb3+ 25. axb3 Rxg3 26. Bxg3 Qe3+ 27. Qd2 Qxg3 28. bxa4 c5 29. Bh3 Bxh3 30. R7xh3 Qg4 31. b3 Nc7 32. Kb2 Rf8 33. Qh2 Rf3 34. Rxf3 Qxf3 35. Qh3 Qxh3 36. Rxh3 Bf8 37. Nb5 Na6 38. Kc3 Kg7 39. Rf3 Be7 40. Rg3 Kf7 41. Na7 1-0

[Event "Balatonbereny op"]
[Site "Balatonbereny"]
[Date "1992.??.??"]
[Round "9"]
[White "Misetane Burjan, Anita"]
[Black "Velvart, Peterne"]
[Result "1-0"]
[WhiteElo "2050"]
[BlackElo "2195"]
[PlyCount "117"]
[EventDate "1992.09.??"]
[EventType "swiss"]
[EventRounds "9"]
[EventCountry "HUN"]
[SourceTitle "TD"]
[Source "ChessBase"]
[SourceDate "1994.03.01"]
[SourceVersion "1"]
[SourceVersionDate "1994.03.01"]
[SourceQuality "1"]

1. e4 d5 2. exd5 Qxd5 3. Nc3 Qa5 4. d4 Nf6 5. Nf3 Bg4 6. h3 Bh5 7. Bd2 Nc6 8. g4 Bg6 9. Bc4 Qb4 10. b3 0-0-0 11. Nb5 Nxd4 12. Bxb4 Nxc2+ 13. Qxc2 Bxc2 14. Ne5 a6 15. Na7+ Kb8 16. Nxf7 e5 17. Bxf8 Rhxf8 18. Nxd8 Rxd8 19. Nc6+ bxc6 20. Bxa6 Be4 21. 0-0 Ka7 22. Bc4 Bd5 23. Rac1 Kb6 24. a4 g5 25. Rfd1 Rd6 26. Re1 e4 27. b4 h5 28. Be2 hxg4 29. hxg4 Be6 30. Rc5 Bd5 31. a5+ Ka7 32. Rc3 Nd7 33. Rh3 Ne5 34. Rh7 Nf7 35. Rc1 Kb7 36. a6+ Kb6 37. Ra1 Rd8 38. Rd1 Nd6 39. Rg7 Rh8 40. Rxg5 Rh3 41. Rh5 Ra3 42. g5 e3 43. fxe3 Rxe3 44. Kf2 Re5 45. g6 Re8 46. Rhxd5 cxd5 47. Rxd5 Ne4+ 48. Kf3 Nc3 49. Rd2 Nxe2 50. Rxe2 Rg8 51. Re6+ c6 52. Kf4 Kxa6 53. Rxc6+ Kb5 54. Re6 Kxb4 55. Kg5 Kc5 56. Kf6 Kd5 57. Kf7 Rh8 58. g7 Rh7 59. Re8 1-0

[Event "Balatonbereny op"]
[Site "Balatonbereny"]
[Date "1992.??.??"]
[Round "6"]
[White "Velvart, Peterne"]
[Black "Lengyel, Bela"]
[Result "1-0"]
[WhiteElo "2195"]
[BlackElo "2380"]
[PlyCount "52"]
[EventDate "1992.09.??"]
[EventType "swiss"]
[EventRounds "9"]
[EventCountry "HUN"]
[SourceTitle "TD"]
[Source "ChessBase"]
[SourceDate "1994.03.01"]
[SourceVersion "1"]
[SourceVersionDate "1994.03.01"]
[SourceQuality "1"]

1. e4 e5 2. Nf3 Nc6 3. Bb5 a6 4. Ba4 Nf6 5. 0-0 Be7 6. Re1 b5 7. Bb3 d6 8. c3 0-0 9. h3 Na5 10. Bc2 c5 11. d4 Qc7 12. Nbd2 Nc6 13. d5 Na5 14. b3 Bd7 15. Nf1 Nb7 16. Ng3 g6 17. Bh6 Rfc8 18. Qd2 Qd8 19. Nf5 Bf8 20. Bxf8 Qxf8 21. Nh6+ Kg7 22. Ng5 Be8 23. f4 exf4 24. Qxf4 Nd7 25. Rf1 Qe7 26. Qh4 f6 1-0

[Event "Budapest Zeus (Women)"]
[Site "Budapest"]
[Date "1991.??.??"]
[Round "2"]
[White "Erenska Barlo, Hanna"]
[Black "Velvart, Peterne"]
[Result "1-0"]
[WhiteElo "2250"]
[BlackElo "2195"]
[PlyCount "83"]
[EventDate "1991.??.??"]
[EventType "tourn"]
[EventRounds "11"]
[EventCountry "HUN"]
[SourceTitle "TD"]
[Source "ChessBase"]
[SourceDate "1994.03.01"]
[SourceVersion "1"]
[SourceVersionDate "1994.03.01"]
[SourceQuality "1"]

1. e4 c5 2. Nf3 d6 3. d4 cxd4 4. Nxd4 Nf6 5. Nc3 g6 6. Be2 Bg7 7. 0-0 0-0 8. Kh1 Nc6 9. Nb3 Bd7 10. f4 Rc8 11. Bd3 Na5 12. Qe2 a6 13. f5 Nc6 14. a4 Ne5 15. a5 Rxc3 16. bxc3 gxf5 17. Nd4 Nxd3 18. cxd3 fxe4 19. dxe4 Qc8 20. Bd2 Ng4 21. h3 Ne5 22. Qh5 e6 23. Rf4 Ng6 24. Rf2 Qc5 25. Qf3 Bxd4 26. cxd4 Qxd4 27. Bc3 Qc4 28. Rd1 f5 29. Qe3 d5 30. exf5 exf5 31. Rd4 Qb3 32. Rb2 Qa3 33. Rxb7 f4 34. Qf3 Be6 35. Rxd5 Rc8 36. Rd3 Bf7 37. Kh2 Qc1 38. Rbd7 Rf8 39. Rd8 Be8 40. Qd5+ Bf7 41. Rxf8+ Nxf8 42. Qe5 1-0

[Event "Budapest Zeus (Women)"]
[Site "Budapest"]
[Date "1991.??.??"]
[Round "5"]
[White "Forgo, Eva"]
[Black "Velvart, Peterne"]
[Result "0-1"]
[WhiteElo "2240"]
[BlackElo "2195"]
[PlyCount "114"]
[EventDate "1991.??.??"]
[EventType "tourn"]
[EventRounds "11"]
[EventCountry "HUN"]
[SourceTitle "TD"]
[Source "ChessBase"]
[SourceDate "1994.03.01"]
[SourceVersion "1"]
[SourceVersionDate "1994.03.01"]
[SourceQuality "1"]

1. e4 e5 2. Bc4 d6 3. Nc3 Nf6 4. d3 Be7 5. Nge2 c6 6. 0-0 d5 7. Bb3 d4 8. Nb1 0-0 9. f4 Nbd7 10. Ng3 exf4 11. Bxf4 Nc5 12. Nd2 Bg4 13. Qe1 Nxb3 14. axb3 Nh5 15. Nxh5 Bxh5 16. Nc4 f6 17. Qg3 Kh8 18. Qh3 Bg6 19. Na5 f5 20. e5 Qd7 21. Rfe1 Bf7 22. e6 Bxe6 23. Nxb7 Bxb3 24. cxb3 Qxb7 25. Be5 Bf6 26. Bxf6 Rxf6 27. Ra5 Raf8 28. Ra3 h6 29. Qf3 Kh7 30. Qf4 Qb4 31. Re2 R8f7 32. Ra4 Qxb3 33. Qxd4 Qd1+ 34. Kf2 Rg6 35. Rxa7 Rxg2+ 36. Kxg2 Qxe2+ 37. Kg1 Rxa7 38. Qxa7 Qxb2 39. Qd7 Qf6 40. Kg2 h5 41. Kf3 Kh6 42. h4 Qxh4 43. Qxc6+ g6 44. Qd6 Qg4+ 45. Kf2 Qa4 46. d4 Qc2+ 47. Kf1 Qd3+ 48. Kf2 Kg5 49. d5 h4 50. Qe7+ Kg4 51. d6 Qf3+ 52. Ke1 h3 53. Qf6 g5 54. Qd4+ f4 55. Qf2 Qc3+ 56. Kd1 Qd3+ 57. Qd2 Qb1+ 0-1

[Event "Budapest Zeus (Women)"]
[Site "Budapest"]
[Date "1991.??.??"]
[Round "11"]
[White "Gocheva, Rumiana B"]
[Black "Velvart, Peterne"]
[Result "1-0"]
[WhiteElo "2220"]
[BlackElo "2195"]
[PlyCount "63"]
[EventDate "1991.??.??"]
[EventType "tourn"]
[EventRounds "11"]
[EventCountry "HUN"]
[SourceTitle "TD"]
[Source "ChessBase"]
[SourceDate "1994.03.01"]
[SourceVersion "1"]
[SourceVersionDate "1994.03.01"]
[SourceQuality "1"]

1. e4 c5 2. Nf3 d6 3. d4 cxd4 4. Nxd4 Nf6 5. Nc3 g6 6. Be2 Bg7 7. 0-0 0-0 8. Re1 Nc6 9. Nb3 Be6 10. Bf1 Rc8 11. Nd5 Bxd5 12. exd5 Nb4 13. c4 b5 14. a3 bxc4 15. axb4 cxb3 16. Qxb3 Rc7 17. Bb5 Ng4 18. h3 Nxf2 19. Bc6 Nxh3+ 20. Qxh3 Rxc6 21. dxc6 Qb6+ 22. Be3 Qxc6 23. Rxa7 e6 24. Qf3 Qxf3 25. gxf3 d5 26. b5 d4 27. b6 dxe3 28. b7 Be5 29. Ra8 Bf4 30. Kg2 Kg7 31. Rxe3 Bxe3 32. Rxf8 1-0

[Event "HUN-ch (Women)"]
[Site "Hungary"]
[Date "1991.??.??"]
[Round "?"]
[White "Lendvai, Noemi"]
[Black "Velvart, Peterne"]
[Result "1-0"]
[WhiteElo "2170"]
[BlackElo "2155"]
[PlyCount "73"]
[EventDate "1991.??.??"]
[EventType "tourn"]
[EventRounds "11"]
[EventCountry "HUN"]
[SourceTitle "TD"]
[Source "ChessBase"]
[SourceDate "1994.03.01"]
[SourceVersion "1"]
[SourceVersionDate "1994.03.01"]
[SourceQuality "1"]

1. e4 c5 2. Nf3 Nc6 3. Bb5 Qc7 4. 0-0 a6 5. Bxc6 dxc6 6. h3 e5 7. b3 Be7 8. Bb2 Bf6 9. a4 a5 10. Nc3 Ne7 11. Ne2 Be6 12. d3 0-0 13. Nh2 Ng6 14. f4 exf4 15. Bxf6 gxf6 16. Qd2 f5 17. exf5 Bxf5 18. Nxf4 Nxf4 19. Rxf4 Bg6 20. Raf1 f5 21. Nf3 Rf7 22. Nh4 Raf8 23. Qc3 b6 24. Qc4 Kg7 25. Qc3+ Kg8 26. Qd2 Qd6 27. Qf2 Qd5 28. Re1 Qd6 29. Re3 Kh8 30. Ref3 Qd5 31. g4 Rg8 32. Nxf5 h5 33. Nh6 Rxf4 34. Rxf4 Rg7 35. Rf8+ Kh7 36. Nf5 Bxf5 37. Rxf5 1-0

[Event "HUN-ch (Women)"]
[Site "Hungary"]
[Date "1991.??.??"]
[Round "?"]
[White "Nagy, B."]
[Black "Velvart, Peterne"]
[Result "1/2-1/2"]
[WhiteElo "2180"]
[BlackElo "2155"]
[PlyCount "51"]
[EventDate "1991.??.??"]
[EventType "tourn"]
[EventRounds "11"]
[EventCountry "HUN"]
[SourceTitle "TD"]
[Source "ChessBase"]
[SourceDate "1994.03.01"]
[SourceVersion "1"]
[SourceVersionDate "1994.03.01"]
[SourceQuality "1"]

1. e4 d5 2. exd5 Qxd5 3. Nc3 Qa5 4. d4 Nf6 5. Bd2 c6 6. Nf3 Bg4 7. Be2 Nbd7 8. 0-0 Qc7 9. Be3 e6 10. a3 Be7 11. Qd2 Rd8 12. Qc1 Bd6 13. h3 Bh5 14. Re1 0-0 15. Nd2 Bxe2 16. Rxe2 e5 17. dxe5 Bxe5 18. Nce4 Rfe8 19. Nxf6+ Nxf6 20. Nf3 Nd5 21. Nxe5 Qxe5 22. Re1 Nxe3 23. Rxe3 Qd4 24. Rd3 Qc4 25. Rxd8 Rxd8 26. Qg5 1/2-1/2